[Event "February Lviv Tradition-IM 2020"]
[Site "Lviv"]
[Date "2020.02.20"]
[Round "6.5"]
[White "Roshka, Yevgeniy"]
[Black "Vakulenko, Oleksandr"]
[Result "0-1"]
[WhiteElo "2456"]
[BlackElo "2262"]
[Annotator "TA"]
[PlyCount "88"]
[EventDate "2020.02.17"]
[EventType "tourn"]
[EventCountry "UKR"]
[SourceTitle "playchess.com"]
[Source "ChessBase"]
[SourceQuality "1"]

{[%evp 16,88,29,-17,-10,-43,-58,-175,-162,-158,-142,-173,-141,-144,-136,-128,-130,-183,-126,-105,-120,-133,-115,-149,-38,-193,-120,-118,0,0,80,-840,-840,-901,-887,-881,-879,-882,-870,-851,-793,-775,-785,-758,-769,-858,-779,-1085,-1050,-1152,-898,-931,-930,-1299,-1010,-2633,-2544,-2437,-2414,-3200,-1741,-2411,-2316,-29986,-11698,-29991,-29990,-29989,-6229,-29991,-29992,-29992,-29993,-29993,-29972]} 1. Nf3 d5 2. g3 Bg4 3. Bg2 Nd7 4. h3 Bh5 5. O-O c6 6. d3 Ngf6 7. Nbd2 e5 8. e4 Bd6 9. Qe1 O-O {A07: Réti Opening: New York and Capablanca Systems.} 10. Nh2 Re8 11. f4 (11. Ndf3 $15) 11... exf4 {Black is clearly better.} 12. gxf4 dxe4 13. dxe4 Bc5+ 14. Kh1 {[#]} Nxe4 $1 {[%mdl 512]} 15. Nxe4 {aiming for Qc3.} f5 {[#]} 16. b4 $146 (16. Be3 $17 {was called for.} fxe4 17. Bxc5 Nxc5 18. Qe3) ({Predecessor:} 16. Qg3 fxe4 17. Re1 Nf6 18. Ng4 Bxg4 19. hxg4 Qd5 20. g5 Nh5 21. Qh4 g6 22. Be3 {0-1 (34) Rubsamen,A (1627)-Tomcikova,D (1915) Riga 2018}) 16... Bf8 (16... Bd4 $19 17. c3 Bb6) 17. Qg3 $17 {And now Ng5 would win.} fxe4 18. Bb2 Qe7 19. f5 {Black should prevent f6.} Qxb4 ({Black should play} 19... Nf6 $17 {White must now prevent ...e3.} 20. Qh4 Bf7) 20. Bc3 $2 (20. Rab1 $1 $15 Qd6 21. Qg5) 20... Qc5 (20... Qd6 $19 21. Qxd6 Bxd6) 21. f6 {Strongly threatening Ng4.} Bg6 ({Much worse is} 21... Nxf6 $6 22. Bxf6 e3 23. Rae1 $11) ({Black should try} 21... e3 $1 $17 22. fxg7 Bd6 23. Rf8+ {[%mdl 64] Decoy} Rxf8 24. gxf8=Q+ (24. gxf8=R+ Kxf8 25. Rf1+ Ke8 $15) 24... Kxf8 25. Rf1+ (25. Qg7+ Ke8 $17) 25... Ke8 26. Qg8+ {[%mdl 64] Double Attack} Ke7 27. Qg7+ Kd8) 22. Ng4 $1 $11 Re6 (22... Nxf6 $1 $11 {keeps the balance.} 23. Rxf6 e3 24. Nh6+ Kh8 25. Rxg6 Qxc3 26. Nf7+ Kg8 27. Nh6+ Kh8 28. Nf7+ Kg8 29. Nh6+ Kh8) 23. Rf5 $2 {[%mdl 8192]} (23. Nh6+ $16 Kh8 24. Rf5 $1 {[%mdl 512]} Qxc3 25. Qxc3 gxf6 26. Qd2) 23... Qxf5 $19 24. Rf1 Qg5 25. h4 Qh5 26. Bh3 Rae8 27. fxg7 Bxg7 28. Bxg7 Kxg7 29. Ne3 Qe5 30. Qg2 Rf8 31. Rd1 Rd6 32. Rg1 Nf6 33. Nf5+ Kh8 {Hoping for ...e3.} 34. Qg5 Rd7 35. Qh6 Rg8 36. Ne3 Rdg7 37. Rg5 Qe7 38. Bf1 {[#]} Nd5 $1 39. Ng4 {[#]} (39. Nxd5 cxd5) 39... Bf5 $1 40. Nf2 (40. Rxf5 Rxg4) 40... Rxg5 41. hxg5 {[#]} Qxg5 (41... e3 $142 $1 42. Ng4 e2 43. Qh3 e1=Q 44. g6 Rxg6 45. Kh2 Rxg4 46. Kh1 Be4+ 47. Kh2 Qe5+ 48. Qg3 Q5xg3#) 42. Qh2 {[#]} e3 $1 {[%mdl 64] Discovered Attack. Black mates.} 43. Qe5+ Nf6 {[%csl Gg8][%cal Rg5g1]} 44. Nh3 Be4+ {Accuracy: White = 30%, Black = 43%.} 0-1

[Event "February Lviv Tradition-IM 2020"]
[Site "Lviv"]
[Date "2020.02.20"]
[Round "7.1"]
[White "Vakulenko, Oleksandr"]
[Black "Kowalski, Igor"]
[Result "1/2-1/2"]
[WhiteElo "2262"]
[BlackElo "2332"]
[Annotator "NA"]
[PlyCount "68"]
[EventDate "2020.02.17"]
[EventType "tourn"]
[EventCountry "UKR"]
[SourceTitle "playchess.com"]
[Source "ChessBase"]
[SourceQuality "1"]
[TimeControl "5400+30"]

1. d4 {[%emt 0:00:00]} e6 {[%emt 0:00:00]} 2. c4 {[%emt 0:00:06]} f5 {[%emt 0:00:00]} 3. Nf3 {[%emt 0:00:21]} Nf6 {[%emt 0:00:00]} 4. g3 {[%emt 0:00:14]} d5 {[%emt 0:00:00]} 5. Bg2 {[%emt 0:00:41]} Bd6 {[%emt 0:00:00]} 6. O-O {[%emt 0:01:15]} O-O {[%emt 0:00:00]} 7. Nc3 {[%emt 0:04:44]} c6 {[%emt 0:02:17]} 8. Qc2 {[%emt 0:00:14]} Ne4 {[%emt 0:02:40]} 9. c5 {[%emt 0:09:31]} Bc7 {[%emt 0:00:57]} 10. Bf4 {[%emt 0:00:08]} Nd7 {[%emt 0:02:36]} 11. b4 {[%emt 0:01:40]} Bxf4 {[%emt 0:06:20]} 12. gxf4 {[%emt 0:00:09]} Rf6 {[%emt 0:00:12]} 13. a4 {[%emt 0:12:06]} Rh6 {[%emt 0:01:12]} 14. Ra3 {[%emt 0:11:25]} Qc7 {[%emt 0:24:15]} 15. Nxe4 {[%emt 0:05:09]} fxe4 {[%emt 0:02:38]} 16. Ne5 {[%emt 0:00:15]} Nxe5 {[%emt 0:00:29]} 17. fxe5 {[%emt 0:04:34]} Qe7 {[%emt 0:00:34]} 18. f3 {[%emt 0:00:34]} Qh4 {[%emt 0:01:48]} 19. h3 {[%emt 0:00:01]} Qg3 {[%emt 0:00:20]} 20. Qc1 {[%emt 0:19:37]} Rxh3 {[%emt 0:04:25]} 21. fxe4 {[%emt 0:00:39]} Qxa3 {[%emt 0:00:05]} 22. Bxh3 {[%emt 0:00:11]} Qxc1 {[%emt 0:15:54]} 23. Rxc1 {[%emt 0:00:11]} dxe4 {[%emt 0:00:06]} 24. b5 {[%emt 0:05:36]} Kf7 {[%emt 0:04:27]} 25. bxc6 {[%emt 0:01:09]} bxc6 {[%emt 0:00:02]} 26. Rb1 {[%emt 0:00:01]} Ba6 {[%emt 0:00:56]} 27. Kf2 {[%emt 0:17:54]} Ke7 {[%emt 0:01:01]} 28. Ke3 {[%emt 0:00:53]} Rf8 {[%emt 0:00:32]} 29. Bg2 {[%emt 0:00:19]} g6 {[%emt 0:01:26]} 30. Bxe4 {[%emt 0:00:08]} Kd7 {[%emt 0:00:01]} 31. Rh1 {[%emt 0:00:45]} Rf7 {[%emt 0:00:01]} 32. Kd2 {[%emt 0:01:47]} Kc7 {[%emt 0:00:25]} 33. Rh2 {[%emt 0:00:48]} Bc4 34. Bc2 Bd5 1/2-1/2

[Event "February Lviv Tradition-IM 2020"]
[Site "Lviv"]
[Date "2020.02.20"]
[Round "7.2"]
[White "Bets, Anatolij"]
[Black "Roshka, Yevgeniy"]
[Result "0-1"]
[WhiteElo "2249"]
[BlackElo "2456"]
[Annotator "ChessBase"]
[PlyCount "88"]
[EventDate "2020.02.17"]
[EventType "tourn"]
[EventCountry "UKR"]
[SourceTitle "playchess.com"]
[Source "ChessBase"]
[SourceQuality "1"]
[TimeControl "5400+30"]

1. d4 {[%emt 0:01:49]} g6 {[%emt 0:01:25]} 2. e4 {[%emt 0:00:35]} Bg7 {[%emt 0:00:21]} 3. Nc3 {[%emt 0:00:28]} d6 {[%emt 0:01:30]} 4. f4 {[%emt 0:00:43]} a6 {[%emt 0:01:02]} 5. Nf3 {[%emt 0:05:07]} b5 {[%emt 0:03:47]} 6. Bd3 {[%emt 0:02:03]} Nd7 {[%emt 0:00:06]} 7. e5 {[%emt 0:03:53]} c5 {[%emt 0:00:09]} 8. Be4 {[%emt 0:00:20]} Rb8 {[%emt 0:00:11]} 9. O-O {[%emt 0:00:43]} cxd4 {[%emt 0:00:02]} 10. Nxd4 {[%emt 0:00:13]} dxe5 {[%emt 0:00:02]} 11. Nc6 {[%emt 0:00:39]} Qb6+ {[%emt 0:00:03]} 12. Kh1 {[%emt 0:00:17]} Ngf6 {[%emt 0:00:04]} 13. Nxb8 {[%emt 0:01:03]} Qxb8 {[%emt 0:00:02]} 14. fxe5 {[%emt 0:01:14]} Nxe4 {[%emt 0:00:16]} 15. Nxe4 {[%emt 0:00:04]} Nxe5 {[%emt 0:05:10]} 16. Bf4 {[%emt 0:00:51]} O-O {[%emt 0:01:07]} 17. Qe2 {[%emt 0:00:52]} Qa8 {[%emt 0:01:23]} 18. Rae1 {[%emt 0:00:54]} Be6 {[%emt 0:00:54]} 19. b3 {[%emt 0:00:22]} Nc6 {[%emt 0:06:01]} 20. Nc5 {[%emt 0:01:14]} Bf5 {[%emt 0:00:13]} 21. h3 {[%emt 0:05:22]} Rc8 {[%emt 0:06:53]} 22. Kh2 {[%emt 0:01:11]} Nb4 {[%emt 0:05:46]} 23. Be3 {[%emt 0:01:03]} Be5+ {[%emt 0:02:07]} 24. Kh1 {[%emt 0:03:51]} Bd6 {[%emt 0:03:09]} 25. c4 {[%emt 0:05:57]} bxc4 {[%emt 0:14:12]} 26. Qxc4 {[%emt 0:00:58]} Nd5 {[%emt 0:01:05]} 27. Bg1 {[%emt 0:01:48]} Bxh3 {[%emt 0:00:46]} 28. Qe4 {[%emt 0:02:45]} Bxc5 {[%emt 0:00:35]} 29. Bxc5 {[%emt 0:02:13]} Rxc5 {[%emt 0:00:21]} 30. gxh3 {[%emt 0:01:12]} Rc3 {[%emt 0:03:21]} 31. Rf3 {[%emt 0:11:09]} Qc6 {[%emt 0:01:51]} 32. Rxc3 {[%emt 0:03:46]} Qxc3 {[%emt 0:00:03]} 33. Kh2 {[%emt 0:00:36]} Nf4 {[%emt 0:03:48]} 34. Re3 {[%emt 0:00:22]} Qd2+ {[%emt 0:00:16]} 35. Kh1 {[%emt 0:01:27]} e5 {[%emt 0:00:46]} 36. a4 {[%emt 0:01:16]} f5 {[%emt 0:02:17]} 37. Qf3 {[%emt 0:02:03]} Kg7 {[%emt 0:00:59]} 38. b4 {[%emt 0:01:32]} Qxb4 {[%emt 0:00:28]} 39. Rb3 {[%emt 0:01:36]} Qe1+ {[%emt 0:00:02]} 40. Kh2 {[%emt 0:00:15]} Qd2+ {[%emt 0:00:02]} 41. Kh1 {[%emt 0:00:27]} Kh6 {[%emt 0:00:11]} 42. Rb7 {[%emt 0:00:15]} e4 {[%emt 0:00:35]} 43. Qg3 {[%emt 0:00:11]} Nh5 {[%emt 0:00:34]} 44. Qa3 {[%emt 0:01:53]} Qe1+ {[%emt 0:00:17]} 0-1

[Event "February Lviv Tradition-IM 2020"]
[Site "Lviv"]
[Date "2020.02.20"]
[Round "7.3"]
[White "Malynovskyi, Rostyslav"]
[Black "Shkuran, Danylo"]
[Result "0-1"]
[WhiteElo "2238"]
[BlackElo "2329"]
[Annotator "TA"]
[PlyCount "106"]
[EventDate "2020.02.17"]
[EventType "tourn"]
[EventCountry "UKR"]
[SourceTitle "playchess.com"]
[Source "ChessBase"]
[SourceQuality "1"]

{[%evp 22,106,37,39,47,12,12,12,15,14,11,11,20,0,0,-13,4,6,3,4,4,3,14,19,16,0,11,0,0,0,0,0,0,0,0,0,0,0,0,0,0,0,0,0,0,-1,-1,-8,-8,-27,-28,-28,-8,-19,-8,-8,-8,-8,-8,-8,-8,-8,-8,-8,-8,-8,-8,-8,-8,-8,-8,-866,-8,-8,-8,-8,-8,-8,-8,-29980,-29981,-29981,-29982,-29982,-29983,-29982,-29984]} 1. d4 d5 2. c4 c6 3. Nf3 Nf6 4. e3 e6 5. Nc3 Nbd7 6. Qc2 Bd6 7. Bd3 Qe7 8. O-O O-O 9. c5 Bc7 10. e4 dxe4 11. Nxe4 Nxe4 12. Bxe4 h6 {D46: Semi-Slav: 5 e3 Nbd7 6 Bd3, Black avoids the Meran.} 13. Re1 Nf6 14. Bd3 Rd8 {The position is equal.} 15. Bd2 b6 16. b4 a5 17. cxb6 (17. a3 {with more complications.} bxc5 18. bxc5 Ba6 19. Bxa6 Rxa6 20. Rab1) 17... Bxb6 {[#]} 18. Qxc6 $146 ({Predecessor:} 18. bxa5 Bxa5 19. Ne5 Bxd2 20. Qxd2 Qd6 21. Qe2 Bd7 22. Rad1 c5 23. Nxd7 Rxd7 24. Bb5 {½-½ (56) Krumm,G-Hahn,W GER email 2007}) 18... Qa7 {Hoping for ...Bb7.} 19. bxa5 $1 Bxa5 20. Bxa5 Qxa5 21. Rec1 Ba6 22. Bxa6 Rxa6 23. Qc5 (23. Qb7 {looks sharper.} Ra7 24. Qb1 Qa3 25. Ne5 Ra4 26. Qb7) 23... Rda8 24. Qxa5 Rxa5 25. Rc2 Nd5 26. g3 Nb4 27. Rb2 Rxa2 28. Rbxa2 Rxa2 29. Rxa2 Nxa2 $11 {[%mdl 4096] Endgame KN-KN} 30. Kg2 Nb4 31. Nd2 Nc6 32. Nb3 Kf8 33. Kf3 Ke7 34. Ke3 Kd6 35. f3 Kd5 36. Kd3 g5 37. Kc3 e5 38. dxe5 Nxe5 39. Nd4 h5 40. f4 gxf4 41. gxf4 Ng4 {Threatens to win with ...Ke4.} 42. Nf3 Ke4 $1 {[%csl LRf3,LRf4][%mdl 64] [#] Double Attack} 43. Ng5+ $1 Kxf4 44. Nxf7 Nxh2 {And now ...Ke3 would win.} 45. Kd2 h4 46. Nh6 $2 {[%mdl 8192]} (46. Ke2 $11) 46... Kg5 $2 ({Black should play} 46... h3 $19 {( -> ...Nf3+)} 47. Ke2 Kg3 48. Nf5+ Kg2) 47. Nf7+ Kf6 48. Nh6 $1 Kg6 49. Ng8 Ng4 {...h3 is the strong threat.} 50. Ke2 $2 {[%mdl 8192] [#]} (50. Ne7+ $11 Kg5 51. Ke2) 50... Kf7 {Black mates.} 51. Kf3 Ne5+ 52. Kg2 Kxg8 53. Kh3 Ng6 {Accuracy: White = 79%, Black = 94%.} 0-1

[Event "February Lviv Tradition-IM 2020"]
[Site "Lviv"]
[Date "2020.02.20"]
[Round "7.4"]
[White "Bognar, Csaba"]
[Black "Sydoryka, Vladyslav"]
[Result "0-1"]
[WhiteElo "2128"]
[BlackElo "2318"]
[Annotator "NA"]
[PlyCount "58"]
[EventDate "2020.02.17"]
[EventType "tourn"]
[EventCountry "UKR"]
[SourceTitle "playchess.com"]
[Source "ChessBase"]
[SourceQuality "1"]
[TimeControl "5400+30"]

1. d4 {[%emt 0:00:00]} Nf6 {[%emt 0:00:00]} 2. c4 {[%emt 0:00:00]} c5 {[%emt 0:00:00]} 3. d5 {[%emt 0:00:00]} b5 {[%emt 0:00:00]} 4. Qc2 {[%emt 0:00:00]} bxc4 {[%emt 0:00:01]} 5. e4 {[%emt 0:00:08]} d6 {[%emt 0:00:39]} 6. Nf3 {[%emt 0:00:12]} g6 {[%emt 0:00:04]} 7. Nfd2 {[%emt 0:00:22]} e6 {[%emt 0:00:07]} 8. Nc3 {[%emt 0:00:27]} exd5 {[%emt 0:01:36]} 9. Nxd5 {[%emt 0:17:09]} Nxd5 {[%emt 0:00:35]} 10. exd5 {[%emt 0:00:11]} Bg7 {[%emt 0:00:04]} 11. Qe4+ {[%emt 0:06:17]} Qe7 {[%emt 0:00:21]} 12. Qxe7+ {[%emt 0:01:17]} Kxe7 {[%emt 0:00:04]} 13. Nxc4 {[%emt 0:01:14]} Bb7 {[%emt 0:02:23]} 14. Bf4 {[%emt 0:01:27]} Bxd5 {[%emt 0:01:30]} 15. O-O-O {[%emt 0:06:05]} Bd4 {[%emt 0:01:13]} 16. Bxd6+ {[%emt 0:00:56]} Ke6 {[%emt 0:00:19]} 17. Bxb8 {[%emt 0:17:36]} Rhxb8 {[%emt 0:02:00]} 18. f3 {[%emt 0:00:06]} Rb4 {[%emt 0:00:30]} 19. b3 {[%emt 0:01:32]} a5 {[%emt 0:01:00]} 20. Re1+ {[%emt 0:12:56]} Kf6 {[%emt 0:12:45]} 21. Ne3 {[%emt 0:18:36]} Bxe3+ {[%emt 0:02:28]} 22. Rxe3 {[%emt 0:00:06]} a4 {[%emt 0:00:11]} 23. bxa4 {[%emt 0:08:25]} Rbxa4 24. Rc3 {[%emt 0:02:42]} Rxa2 {[%emt 0:02:15]} 25. Rxc5 {[%emt 0:02:13]} Rf2 {[%emt 0:05:42]} 26. Kb1 {[%emt 0:00:06]} Ba2+ {[%emt 0:00:04]} 27. Kc1 {[%emt 0:00:10]} Bc4 {[%emt 0:00:05]} 28. Rc6+ {[%emt 0:01:11]} Kg7 {[%emt 0:00:06]} 29. Kb1 {[%emt 0:00:40]} Bxf1 {[%emt 0:00:16]} 0-1

[Event "February Lviv Tradition-IM 2020"]
[Site "Lviv"]
[Date "2020.02.20"]
[Round "7.5"]
[White "Kryvoruchko, Vita"]
[Black "Kagramanianz, Vartan"]
[Result "0-1"]
[WhiteElo "2146"]
[BlackElo "2238"]
[Annotator "TA"]
[PlyCount "104"]
[EventDate "2020.02.17"]
[EventType "tourn"]
[EventCountry "UKR"]
[SourceTitle "playchess.com"]
[Source "ChessBase"]
[SourceQuality "1"]

{[%evp 17,104,36,41,39,50,21,22,0,39,33,20,11,20,25,33,43,109,127,150,94,127,102,184,109,95,67,110,23,175,158,156,163,159,113,109,110,113,113,110,114,112,114,111,108,110,114,111,43,102,-8,-16,-20,-8,-7,-8,-520,-412,-348,-407,-406,-389,-536,-418,-276,-7,-447,0,-386,-293,-580,-579,-29940,-1058,-3847,-4233,-29968,-29969,-29955,-5106,-29964,-29970,-29980,-29981,-29980,-29981,-29984,-29985,-29988,-29989]} 1. e4 c5 2. Nf3 Nc6 3. d4 cxd4 4. Nxd4 e5 5. Nb5 a6 6. Nd6+ Bxd6 7. Qxd6 Qe7 8. Qd1 Nf6 9. Nc3 d6 10. Bg5 {B32: Sicilian: Löwenthal and Kalashnikov Variations.} Be6 11. Qd2 h6 12. Be3 {The position is equal.} O-O {[#]} 13. f3 $146 ({Predecessor:} 13. O-O-O Ne8 14. Rg1 Rc8 15. Nd5 Qh4 16. f4 exf4 17. Bxf4 Bxd5 18. exd5 Ne5 19. g3 {1-0 (46) Wu,Y (2159)-Van Zyl Rudd,J (2041) Budapest 2017}) 13... b5 $1 14. O-O-O Rfd8 15. Nd5 $36 {[%mdl 2048] White has good play.} Bxd5 $1 16. exd5 Nb8 ({Black should play} 16... Nd4 $1 $14) 17. g4 $16 Nbd7 18. g5 (18. h4 $142 $1) 18... hxg5 19. Bxg5 Re8 (19... Rac8 $16 {might work better.}) 20. Rg1 (20. Bh3 $18) 20... e4 21. fxe4 Nc5 22. Qd4 (22. Bg2 $16) 22... Kf8 $2 (22... Ncxe4 $11 23. Re1 Qa7) 23. Bd3 Qe5 24. Qxe5 dxe5 25. Bxf6 gxf6 26. Rgf1 Ke7 27. d6+ $1 Ke6 28. Be2 Rg8 29. h3 Nxe4 30. Bg4+ Rxg4 31. hxg4 Nxd6 {[%mdl 4096] Endgame KRR-KRN} 32. Rf2 (32. Rf3 $16) 32... Rg8 $14 33. Rxf6+ (33. Rfd2 $16 Ne4 34. Rd8 Rxg4 35. Ra8) 33... Kxf6 $11 34. Rxd6+ $16 {[%mdl 64] Double Attack. KR-KR} Kg5 35. Rxa6 Kxg4 {aiming for ...f5.} 36. Rb6 $2 {[%mdl 8192]} (36. Rf6 $1 $11) 36... e4 37. Kd2 f5 {Threatens to win with ...Kf3.} 38. Ke3 {[#]} b4 $1 39. Rxb4 Rh8 40. a4 {[#]} Rh3+ $2 ({Better is} 40... Re8 $1 $19 {And now ...f4+ would win.} 41. Rb7 f4+ 42. Ke2 Rh8 43. Rg7+ Kf5 44. Rf7+ Ke5) 41. Kd4 $2 {[%mdl 8192]} (41. Kf2 $1 $11) 41... Rh2 $2 ({Black should try} 41... e3 $19 {...e2 is the strong threat.} 42. Ke5+ Kf3 43. Kxf5 Rh5+ 44. Kg6 Rc5) 42. Rc4 $2 {[%mdl 8192]} (42. a5 $11 {and White is okay.} Rh8 43. Ke3) 42... Kf4 {Strongly threatening ...e3.} 43. a5 $2 (43. Rc8 Rd2+ 44. Kc3) 43... e3 $19 {Hoping for ...e2.} 44. a6 Rh7 (44... e2 $142 45. a7 Rh8 46. Kd3+ Kf3 47. Rh4 Rd8+ 48. Kc4 e1=Q 49. Rh3+ Kg4 50. Rc3 Qe6+ 51. Kb5 Qd7+ 52. Kb4 Qb7+ 53. Kc4 Qxa7 54. Rd3 Qc7+ 55. Kb3 Rb8+ 56. Ka2 Qxc2 {[%mdl 64] Double Attack} 57. Rd4+ f4 58. Rxf4+ Kxf4 59. Ka3 Qb3#) 45. Rc6 Re7 46. Rh6 e2 47. Rh1 Rd7+ 48. Kc5 Rd1 {Black mates.} 49. a7 Rxh1 50. a8=Q e1=Q 51. Qa4+ Qe4 52. c4 Qe5+ {Accuracy: White = 42%, Black = 60%.} 0-1

[Event "February Lviv Tradition-IM 2020"]
[Site "Lviv"]
[Date "2020.02.21"]
[Round "8.1"]
[White "Kowalski, Igor"]
[Black "Kagramanianz, Vartan"]
[Result "1-0"]
[WhiteElo "2332"]
[BlackElo "2238"]
[Annotator "ChessBase"]
[PlyCount "71"]
[EventDate "2020.02.17"]
[EventType "tourn"]
[EventCountry "UKR"]
[SourceTitle "playchess.com"]
[Source "ChessBase"]
[SourceQuality "1"]
[TimeControl "5400+30"]

1. Nf3 {[%emt 0:00:00]} c5 {[%emt 0:00:00]} 2. e4 {[%emt 0:00:16]} e6 {[%emt 0:00:03]} 3. b3 {[%emt 0:00:09]} Nc6 {[%emt 0:00:31]} 4. Bb2 {[%emt 0:00:03]} d6 {[%emt 0:00:16]} 5. g3 {[%emt 0:01:27]} Nf6 {[%emt 0:03:23]} 6. d3 {[%emt 0:00:04]} Be7 {[%emt 0:00:35]} 7. Bg2 {[%emt 0:00:03]} O-O {[%emt 0:00:33]} 8. O-O {[%emt 0:00:04]} Qc7 {[%emt 0:00:33]} 9. Nbd2 {[%emt 0:00:31]} b6 {[%emt 0:04:01]} 10. Re1 {[%emt 0:03:56]} Bb7 {[%emt 0:00:34]} 11. h4 {[%emt 0:00:10]} Nd7 {[%emt 0:01:03]} 12. Nc4 {[%emt 0:03:04]} b5 {[%emt 0:06:49]} 13. Ne3 {[%emt 0:00:11]} Bf6 {[%emt 0:00:17]} 14. Qc1 {[%emt 0:03:44]} Bxb2 {[%emt 0:03:17]} 15. Qxb2 {[%emt 0:00:02]} Nf6 {[%emt 0:02:51]} 16. Nh2 {[%emt 0:02:36]} b4 {[%emt 0:05:01]} 17. a4 {[%emt 0:06:50]} Nd4 {[%emt 0:04:26]} 18. Nf3 {[%emt 0:05:18]} e5 {[%emt 0:07:30]} 19. Qc1 {[%emt 0:02:16]} Rfe8 {[%emt 0:08:00]} 20. Qd2 {[%emt 0:05:05]} Nxf3+ {[%emt 0:01:58]} 21. Bxf3 {[%emt 0:00:18]} Bc8 {[%emt 0:00:22]} 22. g4 {[%emt 0:04:40]} Nd7 {[%emt 0:04:48]} 23. h5 {[%emt 0:02:16]} Nf8 {[%emt 0:03:52]} 24. h6 {[%emt 0:04:46]} Ng6 {[%emt 0:02:09]} 25. hxg7 {[%emt 0:04:58]} Rb8 {[%emt 0:09:19]} 26. Nd5 {[%emt 0:09:48]} Qd8 {[%emt 0:02:37]} 27. Kg2 {[%emt 0:04:33]} Be6 {[%emt 0:03:29]} 28. Rh1 {[%emt 0:01:16]} Nf4+ {[%emt 0:04:32]} 29. Nxf4 {[%emt 0:00:19]} Qg5 {[%emt 0:00:33]} 30. Kg3 {[%emt 0:01:41]} Qxf4+ {[%emt 0:00:50]} 31. Qxf4 {[%emt 0:00:02]} exf4+ {[%emt 0:00:12]} 32. Kxf4 {[%emt 0:00:03]} Kxg7 {[%emt 0:00:08]} 33. g5 {[%emt 0:00:35]} Rh8 {[%emt 0:04:20]} 34. Rh6 {[%emt 0:00:04]} Rbf8 {[%emt 0:00:46]} 35. Rah1 {[%emt 0:01:38]} f6 {[%emt 0:01:12]} 36. Ke3 {[%emt 0:00:12]} 1-0

[Event "February Lviv Tradition-IM 2020"]
[Site "Lviv"]
[Date "2020.02.21"]
[Round "8.2"]
[White "Sydoryka, Vladyslav"]
[Black "Kryvoruchko, Vita"]
[Result "1-0"]
[WhiteElo "2318"]
[BlackElo "2146"]
[Annotator "ChessBase"]
[PlyCount "99"]
[EventDate "2020.02.17"]
[EventType "tourn"]
[EventCountry "UKR"]
[SourceTitle "playchess.com"]
[Source "ChessBase"]
[SourceQuality "1"]
[TimeControl "5400+30"]

1. Nf3 {[%emt 0:00:29]} c5 {[%emt 0:01:26]} 2. c4 {[%emt 0:00:07]} Nc6 {[%emt 0:00:04]} 3. Nc3 {[%emt 0:00:07]} e5 {[%emt 0:00:12]} 4. g3 {[%emt 0:00:07]} g6 {[%emt 0:00:04]} 5. Bg2 {[%emt 0:00:05]} Bg7 {[%emt 0:00:04]} 6. O-O {[%emt 0:00:06]} Nge7 {[%emt 0:00:02]} 7. Ne1 {[%emt 0:00:11]} O-O {[%emt 0:00:20]} 8. Nc2 {[%emt 0:00:03]} d6 {[%emt 0:00:06]} 9. Rb1 {[%emt 0:00:20]} Be6 {[%emt 0:14:20]} 10. Ne3 {[%emt 0:00:09]} Rb8 {[%emt 0:00:04]} 11. d3 {[%emt 0:02:32]} a6 {[%emt 0:00:09]} 12. Bd2 {[%emt 0:04:57]} b5 {[%emt 0:00:11]} 13. Ncd5 {[%emt 0:00:51]} Qd7 {[%emt 0:13:38]} 14. Re1 {[%emt 0:01:21]} Bh3 {[%emt 0:01:05]} 15. Bh1 {[%emt 0:00:34]} f5 {[%emt 0:00:32]} 16. Nxe7+ {[%emt 0:07:14]} Nxe7 {[%emt 0:00:06]} 17. Nd5 {[%emt 0:00:34]} f4 {[%emt 0:00:09]} 18. b4 {[%emt 0:03:42]} Nf5 {[%emt 0:19:56]} 19. e3 {[%emt 0:13:22]} fxg3 {[%emt 0:02:07]} 20. hxg3 {[%emt 0:01:26]} Nh6 {[%emt 0:00:01]} 21. bxc5 {[%emt 0:03:54]} dxc5 {[%emt 0:02:27]} 22. e4 {[%emt 0:14:12]} b4 {[%emt 0:36:35]} 23. Be3 {[%emt 0:01:00]} Qd6 {[%emt 0:00:01]} 24. f3 {[%emt 0:00:31]} Bd7 {[%emt 0:00:32]} 25. Rb2 {[%emt 0:02:44]} Nf7 {[%emt 0:01:55]} 26. Rh2 {[%emt 0:01:18]} a5 {[%emt 0:00:46]} 27. Qd2 {[%emt 0:02:00]} a4 {[%emt 0:00:02]} 28. Qf2 {[%emt 0:00:08]} Rfc8 {[%emt 0:00:50]} 29. Bg2 {[%emt 0:00:27]} b3 {[%emt 0:00:18]} 30. a3 {[%emt 0:02:17]} b2 {[%emt 0:00:18]} 31. Rb1 {[%emt 0:00:06]} Rb3 {[%emt 0:00:33]} 32. Rxb2 {[%emt 0:00:07]} Rxa3 {[%emt 0:01:16]} 33. Rb6 {[%emt 0:01:46]} Qf8 {[%emt 0:00:01]} 34. Bf1 {[%emt 0:03:35]} Rb3 {[%emt 0:00:46]} 35. Qa2 {[%emt 0:00:02]} Nd8 {[%emt 0:03:02]} 36. Rxb3 {[%emt 0:13:16]} axb3 {[%emt 0:00:02]} 37. Qxb3 {[%emt 0:00:01]} Qxf3 {[%emt 0:00:09]} 38. Ne7+ {[%emt 0:01:18]} Kh8 {[%emt 0:00:01]} 39. Nxg6+ {[%emt 0:00:06]} Kg8 {[%emt 0:00:01]} 40. Ne7+ {[%emt 0:00:02]} Kh8 {[%emt 0:00:02]} 41. Bf2 {[%emt 0:00:27]} Ra8 {[%emt 0:01:14]} 42. Qb2 {[%emt 0:02:43]} Bg4 {[%emt 0:00:18]} 43. Nf5 {[%emt 0:04:43]} Bxf5 {[%emt 0:04:39]} 44. Be2 {[%emt 0:00:44]} Ra1+ {[%emt 0:00:40]} 45. Qxa1 {[%emt 0:00:01]} Qxe2 {[%emt 0:00:01]} 46. exf5 {[%emt 0:00:01]} Qxd3 {[%emt 0:00:20]} 47. Qa8 {[%emt 0:01:23]} e4 {[%emt 0:00:13]} 48. Qd5 {[%emt 0:01:36]} Qxd5 {[%emt 0:00:06]} 49. cxd5 {[%emt 0:00:01]} Bd4 {[%emt 0:00:02]} 50. Bxd4+ {[%emt 0:00:26]} 1-0